Telecommunications towers (Record no. 102057)

MARC details
000 -LEADER
fixed length control field 00973cam a2200253 4500
001 - CONTROL NUMBER
control field J11475
008 - FIXED-LENGTH DATA ELEMENTS--GENERAL INFORMATION
fixed length control field 020429n2001 000 0 eng u
035 ## - SYSTEM CONTROL NUMBER
System control number (Sirsi) u117736
041 ## - LANGUAGE CODE
Language code of text/sound track or separate title eng.
050 ## - LIBRARY OF CONGRESS CALL NUMBER
Classification number 711.1
110 ## - MAIN ENTRY--CORPORATE NAME
Corporate name or jurisdiction name as entry element Country Land & Business Association
9 (RLIN) 4270
245 ## - TITLE STATEMENT
Title Telecommunications towers
250 ## - EDITION STATEMENT
Edition statement 3rd ed.
260 ## - PUBLICATION, DISTRIBUTION, ETC.
Name of publisher, distributor, etc. Country Land and Business Association
Date of publication, distribution, etc. 2001
300 ## - PHYSICAL DESCRIPTION
Extent 52p.
Dimensions 30cm.
350 ## - PRICE (NR) (BK AM CF MU VM SE) [OBSOLETE]
Price 15
490 ## - SERIES STATEMENT
Series statement CLA Advisory Handbook
Volume/sequential designation A04/01
520 ## - SUMMARY, ETC.
Summary, etc. Aims to give those who are approached by telecommunications operators an overview of the potential costs and benefits associated with granting a lease for the installation of equipment, and the legislative background. Sister handbooks: 'Cables and wires' (see: J11478), and'Pipes and sewers' (J11479).
650 ## - SUBJECT ADDED ENTRY--TOPICAL TERM
Topical term or geographic name entry element TELECOMMUNICATIONS TOWERS
650 ## - SUBJECT ADDED ENTRY--TOPICAL TERM
Topical term or geographic name entry element TELECOMMUNICATIONS MASTS
650 ## - SUBJECT ADDED ENTRY--TOPICAL TERM
Topical term or geographic name entry element RURAL PRACTICE
690 ## - LOCAL SUBJECT ADDED ENTRY--TOPICAL TERM (OCLC, RLIN)
Topical term or geographic name as entry element PLANNING LAW AND PRACTICE
942 ## - ADDED ENTRY ELEMENTS (KOHA)
Suppress in OPAC 0
Holdings
Withdrawn status Lost status Source of classification or shelving scheme Damaged status Not for loan Home library Current library Shelving location Date acquired Cost, normal purchase price Total Checkouts Full call number Barcode Date last seen Date last checked out Copy number Cost, replacement price Price effective from Koha item type
    Dewey Decimal Classification     London London Folio 05/07/2002 15.00 7 F711.1 COU 30066011 06/08/2019 09/06/2006 1 15.00 06/08/2019 Book